000 01223nam2a22002411 4500
001 rc\4279627
005 20250611145323.0
021 _aRU
_bРг5610-58
035 _a(NLR Aleph) 008244963
090 _a8300291
_c8300291
100 _a20130416d1957 |||y0rusy50 ca
101 0 _arus
102 _aRU
105 _aa z |||||
200 0 _aЗадание 1
210 _d1957
_aБ. м.
215 _a65 с., 5 л. ил.
461 0 _1001rc\4279626
_12001#$aМетодическое пособие по курсу: Звуковое и кинотелевизионное оборудование$fСост.: доц. С. Барбанель$gЛенингр. ин-т киноинженеров. Заоч. отд. Задание 1-$vЗадание 1
_1700#1$aБарбанель$bС.Р.$f1917-$gСоломон Рафаилович
_98300287
_aБарбанель, С.Р. (1917-)
_cЛенинград
_d1957
_fСост.: доц. С. Барбанель
_nБ. и.
_tМетодическое пособие по курсу: Звуковое и кинотелевизионное оборудование
_vЗадание 1
801 0 _aRU
_bNLR
_gpsbo
801 1 _aRU
_bELAR
_2rusmarc
852 _aNLR
_j58-8/1407
942 _cBOOK
980 _aNB